Normal view
MARC view
- Indian Writing
Entry Topical Term
001 - CONTROL NUMBER
- control field: 78175
003 - CONTROL NUMBER IDENTIFIER
- control field: OSt
005 - DATE AND TIME OF LATEST TRANSACTION
- control field: 20220806113550.0
008 - FIXED-LENGTH DATA ELEMENTS
- fixed length control field: 220806|| aca||aabn | a|a d
040 ## - CATALOGING SOURCE
- Original cataloging agency: OSt
- Transcribing agency: OSt
150 ## - HEADING--TOPICAL TERM
- Topical term or geographic name entry element: Indian Writing
670 ## - SOURCE DATA FOUND
- Source citation: Work cat.: (OSt)43330: Jha, A. K. / Naik, R. K. 78174, Studies of Indian Writing in English, 2014